Market research in action: (Record no. 6836)

MARC details
000 -LEADER
fixed length control field 00753nac a22002051u 4500
010 ## - LIBRARY OF CONGRESS CONTROL NUMBER
LC control number 72181998
020 ## - INTERNATIONAL STANDARD BOOK NUMBER
International Standard Book Number 0117005304
082 00 - DEWEY DECIMAL CLASSIFICATION NUMBER
Classification number 658.83
Item number ROE
090 ## - LOCALLY ASSIGNED LC-TYPE CALL NUMBER (OCLC); LOCAL CALL NUMBER (OCLC)
-- 6836
-- 6836
100 ## - MAIN ENTRY--PERSONAL NAME
Personal name Roe, Michael
110 2# - MAIN ENTRY--CORPORATE NAME
Corporate name or jurisdiction name as entry element Economic Development Committee for the Mechanical Engineering Industry.
245 10 - TITLE STATEMENT
Title Market research in action:
Remainder of title a guide for company management./
Statement of responsibility, etc Michael Roe
260 ## - PUBLICATION, DISTRIBUTION, ETC. (IMPRINT)
Place of publication, distribution, etc London,
Name of publisher, distributor, etc H.M.S.O.,1971
Date of publication, distribution, etc 1971.
300 ## - PHYSICAL DESCRIPTION
Extent 260 p.:
Other physical details ill;
Dimensions 30 cm.
500 ## - GENERAL NOTE
General note distributer: Al-Ahram
511 ## - PARTICIPANT OR PERFORMER NOTE
Participant or performer note catalogued by: wessam
650 #0 - SUBJECT ADDED ENTRY--TOPICAL TERM
Topical term or geographic name as entry element Marketing research.
942 ## - ADDED ENTRY ELEMENTS (KOHA)
Item type Book - Borrowing
Call number prefix 658.83ROE
Holdings
Withdrawn status Item status Damaged status Not for loan Home library Current library Shelving location Date acquired Source of acquisition Total Checkouts Total Renewals Full call number Barcode Date last seen Date last borrowed Koha item type
        Central Library Central Library First floor 09/12/2007 Purchase 7 4 658.83ROE 000008218 15/07/2025 25/11/2015 Book - Borrowing